Preservation of rubberwood (Record no. 65656)

MARC details
000 -LEADER
fixed length control field 00398nam a2200157Ia 4500
100 ## - MAIN ENTRY--AUTHOR NAME
Personal name Dahlan Jantan Mohd
245 #0 - TITLE STATEMENT
Title Preservation of rubberwood
260 ## - PUBLICATION, DISTRIBUTION, ETC. (IMPRINT)
Name of publisher Rubberwood: Processing and utilization
Year of publication 1994
300 ## - PHYSICAL DESCRIPTION
Number of Pages 85-105
650 ## - SUBJECT ADDED ENTRY--TOPICAL TERM
Topical Term Rubberwood
700 ## - ADDED ENTRY--PERSONAL NAME
Personal name Hong L T
700 ## - ADDED ENTRY--PERSONAL NAME
Personal name Mohamad Azlan
700 ## - ADDED ENTRY--PERSONAL NAME
Personal name Wong A H H
942 ## - ADDED ENTRY ELEMENTS (KOHA)
Koha item type Journals
Holdings
Withdrawn status Lost status Damaged status Not for loan Home library Current library Date acquired Koha item type
      Journals RRII Library RRII Library 17/12/2021 Journals